Statistics for English Idioms

Click here to take the quiz!

General Stats

  • This quiz has been taken 185 times
  • The average score is 24 of 30

Answer Stats

IdiomAnswer% Correct
Wild ____ chasegoose
97%
To kill two ___ with one stonebirds
95%
The ___ who cried wolfboy
95%
Turn over a new ___leaf
95%
Beat around the ___bush
94%
Back to the _______ boarddrawing
94%
From rags to ____riches
94%
A ____ for sore eyessight
94%
Play ____'s advocatedevil
92%
Don't put all your ___ in one basketeggs
91%
Take it with a grain of ___salt
91%
I wasn't born _______yesterday
90%
___ as a Hattermad
88%
Cross that _____ when you get to itbridge
82%
Make a ______ out of a molehilemountain
82%
Lo and ____behold
81%
Can't have your ___ and eat it toocake
81%
_____ for your thoughtspenny
81%
The space between a rock and a ___ ____hard place
80%
When hell _____ overfreezes
75%
The whole nine ____yards
75%
Close but no ____cigar
73%
Don't cry over _____ ___spilled milk
73%
Cute as a ______button
67%
Catch __22
66%
An uphill ____battle
62%
How do you like them ____apples
58%
Has ___ in the belfrybats
55%
Hit the ___sack
50%
Get down to brass ___tacks
50%

Score Distribution

Percentile by Number Answered

Percent of People with Each Score

Your Score History

You have not taken this quiz